000
00306nam a22001457a 4500
008
210308b ||||| |||| 00| 0 eng d
020
_a
0877226989
041
_a
eng
080
_a
94
082
_a
94
100
_a
18
101
_a
SHH
245
_a
The New American History
_c
Foner,E
942
_2
udc
_c
BK
999
_c
55994
_d
55994